000 00610nam a2200229Ia 4500
005 20251020182547.0
008 200515s9999 xx 000 0 und d
020 _a97838365-3066-8
082 _a747:749.9/J63P
100 _aJodidio, Philip
245 0 _aRenzo Piano 1937: la poesía del vuelo
260 _aColonia
260 _bTaschen
260 _c2012
300 _a95 p.
300 _bil.
520 _aVida y obra del Arquitecto Renzo Piano con su obra majestusa, la arquitectura del Centro Georges Pompidou
650 _aARQUITECTOS
650 _aPIANO
942 _cLIB
999 _c2590
_d2590